War for Britain ... (Record no. 552756)
[ view plain ]
| 000 -LEADER | |
|---|---|
| fixed length control field | 00649cam a22001931 4500 |
| 082 ## - DEWEY DECIMAL CLASSIFICATION NUMBER | |
| Classification number | 940.540942 |
| Author Mark | COW |
| -- | D |
| 100 1# - MAIN ENTRY--PERSONAL NAME | |
| Personal name | Cowie, Donald. |
| 9 (RLIN) | 49315 |
| 245 10 - TITLE STATEMENT | |
| Title | War for Britain ... |
| Statement of responsibility, etc. | by Donald Cowie. |
| 260 ## - PUBLICATION, DISTRIBUTION, ETC. | |
| Place of publication, distribution, etc. | London, |
| Name of publisher, distributor, etc. | Chapman & Hall ltd. |
| Date of publication, distribution, etc. | [1941] |
| 300 ## - PHYSICAL DESCRIPTION | |
| Extent | xiii, 265 p. |
| Other physical details | front., plates, ports. |
| Dimensions | 23 cm. |
| 490 0# - SERIES STATEMENT | |
| Series statement | Inner story of the empire in action, |
| 500 ## - GENERAL NOTE | |
| General note | "First published 1941." |
| 500 ## - GENERAL NOTE | |
| General note | "September 1939 to September 1940." |
| 500 ## - GENERAL NOTE | |
| General note | Map on lining-papers. |
| 526 ## - STUDY PROGRAM INFORMATION NOTE | |
| Program name | 0 |
| Interest level | 0 |
| Reading level | 0 |
| Title point value | 940_540942000000000_COW |
| 650 #0 - SUBJECT ADDED ENTRY--TOPICAL TERM | |
| Topical term or geographic name entry element | MCE |
| 9 (RLIN) | 379 |
| 650 #0 - SUBJECT ADDED ENTRY--TOPICAL TERM | |
| Topical term or geographic name entry element | World War, 1939-1945 |
| Geographic subdivision | Great Britain |
| General subdivision | Colonies. |
| 9 (RLIN) | 50023 |
| 942 ## - ADDED ENTRY ELEMENTS (KOHA) | |
| Source of classification or shelving scheme | |
| Koha item type | Book |
| Withdrawn status | Lost status | Source of classification or shelving scheme | Damaged status | Not for loan | Permanent Location | Current Location | Shelving location | Date acquired | Total Checkouts | Full call number | Barcode | Date last seen | Price effective from | Koha item type |
|---|---|---|---|---|---|---|---|---|---|---|---|---|---|---|
| Military College of Engineering (MCE) | Military College of Engineering (MCE) | 01/22/2015 | 940.540942 COW | MCE-ECW/17 | 01/22/2015 | 01/22/2015 | Book |
